000 00322nam a2200109Ia 4500
008 230320s9999||||xx |||||||||||||| ||spa||
082 _a268/C74.2
100 _aConsorcio De C.E. Católicos
245 0 _aIi Convención Nacioanl Educacional De Colegios Católicos
260 _bConsorcio de C.E. Católicos
942 _80
_cLIB
999 _c27857
_d27857